Statystyki dla Pokémony i ich ewolucje (Kanto)

Kliknij tutaj aby rozwiązać quiz!

Ogólne statystyki

  • Ten quiz został rozwiązany 141 razy
    (123 od ostatniego zresetowania)
  • Średni wynik to 29 z 37

Statystyki odpowiedzi

PokemonEwolucja% Poprawnych
PikachuRaichu
98%
RattataRaticate
95%
EkansArbok
92%
SpearowFearow
87%
PsyduckGolduck
87%
GrimerMuk
87%
PonytaRapidash
87%
SlowpokeSlowbro
86%
MeowthPersian
85%
DiglettDugtrio
84%
GrowlitheArcanine
83%
ZubatGolbat
83%
MagikarpGyarados
82%
CuboneMarowak
82%
SandshrewSandslash
82%
DrowzeeHypno
81%
VenonatVenomoth
81%
ParasParasect
80%
ClefairyClefable
79%
MagnemiteMagneton
79%
VulpixNinetales
79%
TentacoolTentacruel
79%
KoffingWeezing
78%
KabutoKabutops
77%
RhyhornRhydon
76%
StaryuStarmie
75%
VoltorbElectrode
73%
MankeyPrimeape
69%
ShellderCloyster
68%
KrabbyKingler
68%
OmanyteOmastar
68%
JigglypuffWigglytuff
67%
DoduoDodrio
66%
HorseaSeadra
66%
ExeggcuteExeggutor
65%
GoldeenSeaking
65%
SealDewgong
62%

Rozkład punktacji

Percentyl według liczby udzielonych odpowiedzi

Procent ludzi z każdym wynikiem

Twoja historia wyników

Nie rozwiązałeś tego quizu od ostatniego zresetowania